Jaglane: Jagrati Lekanacho punjo (Record no. 152706)
[ view plain ]
| 000 -LEADER | |
|---|---|
| fixed length control field | 00558nam a2200193Ia 4500 |
| 003 - CONTROL NUMBER IDENTIFIER | |
| control field | OSt |
| 005 - DATE AND TIME OF LATEST TRANSACTION | |
| control field | 20230329163909.0 |
| 008 - FIXED-LENGTH DATA ELEMENTS--GENERAL INFORMATION | |
| fixed length control field | 210210b2013 xxu||||| |||| 00| 0 eng d |
| 040 ## - CATALOGING SOURCE | |
| Transcribing agency | AL |
| 041 ## - LANGUAGE CODE | |
| Language code of text/sound track or separate title | Konkani |
| 082 ## - DEWEY DECIMAL CLASSIFICATION NUMBER | |
| Classification number | 891.464 VALJ |
| 100 ## - MAIN ENTRY--PERSONAL NAME | |
| Personal name | VALLI, Bola Psued Valerian Sikvera |
| 9 (RLIN) | 79797 |
| 245 ## - TITLE STATEMENT | |
| Title | Jaglane: Jagrati Lekanacho punjo |
| Remainder of title | ಝಗ್ಲಾಣೆ : ಜಾಗೃತಿ ಲೇಖನಾಂಚೊ ಪುಂಜೊ |
| 260 ## - PUBLICATION, DISTRIBUTION, ETC. | |
| Place of publication, distribution, etc. | Kodialbail |
| Name of publisher, distributor, etc. | - |
| Date of publication, distribution, etc. | 2013 |
| 300 ## - PHYSICAL DESCRIPTION | |
| Extent | 80 |
| 690 ## - LOCAL SUBJECT ADDED ENTRY--TOPICAL TERM (OCLC, RLIN) | |
| Topical term or geographic name as entry element | Konkani Prose |
| 9 (RLIN) | 79798 |
| 906 ## - LOCAL DATA ELEMENT F, LDF (RLIN) | |
| a | 068528 |
| 942 ## - ADDED ENTRY ELEMENTS (KOHA) | |
| Source of classification or shelving scheme | Dewey Decimal Classification |
| Koha item type | Book |
| Withdrawn status | Lost status | Source of classification or shelving scheme | Damaged status | Not for loan | Collection code | Home library | Current library | Date acquired | Source of acquisition | Cost, normal purchase price | Total Checkouts | Full call number | Barcode | Date last seen | Price effective from | Koha item type |
|---|---|---|---|---|---|---|---|---|---|---|---|---|---|---|---|---|
| Dewey Decimal Classification | Others | St Aloysius Library | St Aloysius Library | 02/17/2021 | Konkani Prachar Sanchalan, Shaktinagar, Mangalore-575016 | 80.00 | 891.464 VALJ | 068529 | 02/17/2021 | 02/17/2021 | Book | |||||
| Dewey Decimal Classification | Konkani | St Aloysius Library | St Aloysius Library | 02/17/2021 | Konkani Prachar Sanchalan, Shaktinagar, Mangalore-575016 | 80.00 | 891.464 VALJ | 068528 | 02/17/2021 | 02/17/2021 | Book |